| 000 | 01145nam a2200313 a 4500 | ||
|---|---|---|---|
| 999 |
_c3517 _d3517 |
||
| 001 | 3977014 | ||
| 003 | GZU | ||
| 005 | 20201202091139.0 | ||
| 008 | 940825s1994 rh a b 000 0 eng | ||
| 010 | _a 94981800 | ||
| 020 | _a0869225863 | ||
| 040 |
_aDLC _cDLC |
||
| 042 | _alcode | ||
| 043 | _af-rh--- | ||
| 050 | 0 | 0 |
_aHD7064.5 _b.MAC1994 |
| 100 | 1 | _aMacGarry, Brian. | |
| 245 | 1 | 0 |
_aDouble damage : _brural people and economic structural adjustment in a time of drought / _cby Brian MacGarry. |
| 260 |
_aGweru, Zimbabwe : _bMambo Press ; _aHarare, Zimbabwe : _bSilveira House, _c1994. |
||
| 300 |
_a32 p. : _bill. ; _c24 cm. |
||
| 440 | 0 |
_aSilveira House social series ; _vno. 7 |
|
| 504 | _aIncludes bibliographical references (p. 31-32). | ||
| 650 | 0 |
_aCost and standard of living _zZimbabwe. |
|
| 650 | 0 |
_aStructural adjustment (Economic policy) _zZimbabwe. |
|
| 650 | 0 |
_aDroughts _xEconomic aspects _zZimbabwe. |
|
| 650 | 0 |
_aRural population _zZimbabwe. |
|
| 906 |
_a7 _bcbc _corigode _d3 _encip _f19 _gy-gencatlg |
||
| 942 |
_2lcc _cBK _h7064.5 _iMAC _kHD |
||